প্রাথমিক আরবী ব্যাকরণ / (Record no. 2972)
[ view plain ]
| 000 -LEADER | |
|---|---|
| fixed length control field | 00682nam a22002177a 4500 |
| 001 - CONTROL NUMBER | |
| JCCL Control Number | 2972 |
| 003 - CONTROL NUMBER IDENTIFIER | |
| JCCL marc code | BD-JhCC |
| 005 - DATE AND TIME OF LATEST TRANSACTION | |
| control field | 20200213134007.0 |
| 008 - FIXED-LENGTH DATA ELEMENTS--GENERAL INFORMATION | |
| fixed length control field | 171108s1964 bg |||| |||| 000 0 mul d |
| 035 ## - SYSTEM CONTROL NUMBER | |
| system control number | (BD-JhCC)2972 |
| 040 ## - CATALOGING SOURCE | |
| Original cataloging agency | BD-JhCC |
| Modifying agency | BD-JhCC |
| 041 ## - LANGUAGE CODE | |
| Language code of Book | Bengali,English and Arabic |
| 082 ## - DEWEY DECIMAL CLASSIFICATION NUMBER | |
| Classification number | 492.70711 |
| Author mark and Year | OBA 1964 |
| 100 ## - MAIN ENTRY--PERSONAL NAME | |
| Personal name | Obaidullah, Moulvi A. T. Md. |
| 245 ## - TITLE STATEMENT | |
| Title | প্রাথমিক আরবী ব্যাকরণ / |
| Statement of responsibility, etc | Moulvi A. T. Md. Obaidullah |
| 260 ## - PUBLICATION, DISTRIBUTION, ETC. (IMPRINT) | |
| Place of publication, distribution, etc | ঢাকা: |
| Name of publisher, distributor, etc | The Islamia Library, |
| Date of publication, distribution, etc | ১৯৬৪. |
| 300 ## - PHYSICAL DESCRIPTION | |
| Pagination | ১১৯ পৃ. : |
| Dimensions | ১৯ সেমি. |
| 650 ## - SUBJECT ADDED ENTRY--TOPICAL TERM | |
| Topical term or geographic name as entry element | Arabic Language |
| General subdivision | Grammar |
| 942 ## - ADDED ENTRY ELEMENTS (KOHA) | |
| Source of classification or shelving scheme | Dewey Decimal Classification |
| Koha item type | Books |
| Koha issues (borrowed), all copies | 2 |
| Source of classification or shelving scheme | Damaged status | Not for loan | Home library | Current library | Shelving location | Date of accession | Cost, normal purchase price | Total Checkouts | Full call number | Barcode | Date last seen | Date checked out | Copy number | Koha item type |
|---|---|---|---|---|---|---|---|---|---|---|---|---|---|---|
| Dewey Decimal Classification | JCC Rouf Library | JCC Rouf Library | General Stacks | 11/08/2017 | 1.28 | 1 | 492.70711 OBA 1964 | 4921 | 03/20/2020 | 02/12/2020 | C- 1 | Books |